00381nam a2200121Ia 4500008004100000082002000041100002100061245005800082260003600140300001000176630001800186650005500204211109s9999||||xx |||||||||||||| ||und|| a621.3813bWNI-E aWnitson, James A 0a500 Electonic Ic Circuits With Practical Applications bBPB PublicationaNo Placec1989 a338p. xGENERAL STACK aTechnologyvEngineering & allied operationsPhysics